000 00790cam a2200265 4500
008 090401t1991 xxu||||| |||| 00| 0 eng d
020 _a0419152601
035 _a(Sirsi) u46273
041 _aeng
050 _a333.330285
100 _aDixon, Timothy J.
245 _aMicrocomputers in property: a surveyor`s guide to Lotus 1-2-3 and dBASE IV.
260 _aLondon
_bE. & F. N. Spon
_c1991
300 _axiv,319p. : ill. ; 24cm.
350 _a16.95
650 _aDATABASES
650 _aESTATE MANAGEMENT
650 _aMANAGEMENT-BUSINESS MANAGEMENT-INFORMATION MANAGEMENT
650 _aSPREADSHEETS
690 _aMANAGEMENT-BUSINESS MANAGEMENT-INFORMATION MANAGEMENT
700 _aHargitay, Stephen E.
700 _aBevan, Owen A.
942 _n0
948 _c04/03/1997
999 _c91901
_d91901